Socráticas ; Economía ; Ciropedia /

Bibliographic Details
Main Author: Xenophon (Author)
Other Authors: García Bacca, Juan David, 1901-1992 (contributor agent of text.)
Format: Electronic eBook
Language:Spanish
Published: Ciudad de México : Océano, [2017]
Edition:Primera edición en libro electrónico.
Subjects:
Online Access:Digitalia Hispánica

MARC

LEADER 00000nam a2200000Ii 4500
001 DIGOCEANO0026
003 NyNyDIG
006 m o d
007 cr |||||||||||
008 240404s2017 mx o 000 0 spa d
035 |a (OCoLC)1430189014 
040 |a DGITA  |b eng  |e rda  |e pn  |c DGITA 
020 |a 9786077351573  |q eBook 
050 1 4 |a PA4497 ebook 
100 0 |a Xenophon,  |e author. 
245 1 0 |a Socráticas ; Economía ; Ciropedia /  |c Jenofonte ; estudio preliminar de David García Bacca. 
246 3 0 |a Economía 
246 3 0 |a Ciropedia 
250 |a Primera edición en libro electrónico. 
264 1 |a Ciudad de México :  |b Océano,  |c [2017] 
300 |a 1 online resource. 
336 |a text  |b txt  |2 rdacontent 
337 |a computer  |b c  |2 rdamedia 
338 |a online resource  |b cr  |2 rdacarrier 
347 |a text file  |2 rdaft 
347 |b EPUB 
588 0 |a Online resource; title from ePub title page (Digitalia, viewed April 4, 2024) 
600 0 0 |a Xenophon. 
700 1 |a García Bacca, Juan David,  |d 1901-1992,  |e contributor agent of text. 
791 2 |a Digitalia (Firm),  |e distributor. 
793 0 |g Digitalia eBook Collection:  |a Editorial Océano 
856 4 0 |3 Digitalia Hispánica  |u https://www.digitaliapublishing.com/a/85217/ 
910 |a Premium collection: 2024